|
|
|
|
| LEADER |
01240cam a2200313 7i4500 |
| 001 |
0000028136 |
| 005 |
20231019090000.0 |
| 008 |
231019t20022002my a ### #00001eng## |
| 020 |
# |
# |
|a 9679788202
|
| 020 |
# |
# |
|a 9789679788204
|
| 040 |
# |
# |
|a UMT
|b eng
|c UMT
|d Malcat
|e rda
|
| 090 |
0 |
0 |
|a DS 597.215 .M34
|b M33 2002
|
| 245 |
0 |
0 |
|a Mahathir Mohamad :
|b a visionary & his vision of Malaysia's k-economy
|c edited by Ng Tieh Chuan with commentaries by David N. Abdulai.
|
| 264 |
# |
1 |
|a Selangor:
|b Pelanduk Publications,
|c [2002]
|
| 264 |
# |
4 |
|c ♭2002
|
| 300 |
# |
# |
|a xiii, 245 pages;
|c 22 cm
|
| 336 |
# |
# |
|a text --
|2 rdacontent
|
| 337 |
# |
# |
|a unmediated --
|2 rdamedia
|
| 338 |
# |
# |
|a volume --
|2 rdacarrier
|
| 500 |
# |
# |
|a Includes index
|
| 590 |
# |
# |
|a Pusat Pendidikan Asas dan Liberal
|
| 600 |
0 |
0 |
|a Mahathir bin Mohamad, Dato' Seri
|
| 650 |
0 |
0 |
|a Speeches, addresses, etc. --
|z Malaysia
|
| 650 |
0 |
0 |
|a Malaysia --
|x Economic policy --
|y 21st century
|
| 650 |
0 |
0 |
|a Information technology --
|x Economic aspects --
|y 21st century --
|z Malaysia
|
| 650 |
0 |
0 |
|a Knowledge management --
|x Economic aspects --
|y 21st century --
|z Malaysia
|
| 700 |
1 |
# |
|a Ng, Tieh Chuan
|
| 700 |
1 |
# |
|a Abdulai, David N.
|
| 999 |
|
|
|a 1100009946
|b Book
|c Open Shelf
|e KOLEKSI TERBUKA
|